Religious Traditions of India (Record no. 19610)

MARC details
000 -LEADER
fixed length control field 00308nam a22001457a 4500
020 ## - INTERNATIONAL STANDARD BOOK NUMBER
ISBN 817214606x
082 ## - DEWEY DECIMAL CLASSIFICATION NUMBER
Classification number 290 DAN
100 ## - MAIN ENTRY--AUTHOR NAME
Author name Daniel ,p.s
245 ## - TITLE STATEMENT
Title Religious Traditions of India
250 ## - EDITION STATEMENT
Edition statement first
260 ## - PUBLICATION, DISTRIBUTION, ETC. (IMPRINT)
Place of publication Delhi
Name of publisher ISPCK
Year of publication 2011
300 ## - PHYSICAL DESCRIPTION
Number of Pages 368
650 ## - SUBJECT ADDED ENTRY--TOPICAL TERM
Topical Term Religions-India
942 ## - ADDED ENTRY ELEMENTS (KOHA)
Koha item type Books
Holdings
Home library Current library Date acquired Cost, normal purchase price Full call number Accession Number Koha item type Shelving location Collection code
Henry Martyn Institute Library Henry Martyn Institute Library 07/30/2015 175.00 290 DAN C.2 24892 Books    
Henry Martyn Institute Library Henry Martyn Institute Library 07/30/2015   290 DAN C.3 24893 Books General stacks  
Henry Martyn Institute Library Henry Martyn Institute Library 07/30/2015   290 DAN C.4 24894 Binding Books   Reference
Henry Martyn Institute Library Henry Martyn Institute Library 07/30/2015   290 DAN C.5 24895 Books   Reference
                   Copyright © 2026 | Henry Martyn Institute | Hyderabad | TS-500052 | INDIA | Implemented by hmi.edu.in
Hit-Count:

Powered by Koha